|
|
|
|
| LEADER |
01045nam a22003012a 4500 |
| 001 |
000194869 |
| 003 |
CZ BrMZK |
| 005 |
20080703073952.0 |
| 007 |
ta |
| 008 |
970107s1979 xr f cze d |
| 015 |
|
|
|a cnb000422263
|
| 035 |
|
|
|a (OCoLC)85263567
|
| 040 |
|
|
|a BOA001
|b cze
|
| 080 |
9 |
|
|a 358.1(091)
|
| 100 |
1 |
|
|a Karlický, Vladimír,
|d 1927-2007
|7 jk01053043
|4 aut
|
| 245 |
1 |
0 |
|a Salvy duní /
|c Vladimír Karlický
|
| 250 |
|
|
|a 1. vyd.
|
| 260 |
|
|
|a Praha :
|b Naše vojsko,
|c 1979
|
| 300 |
|
|
|a 116 s.
|
| 490 |
1 |
|
|a Azimut ;
|v sv. 21
|
| 830 |
|
0 |
|a Azimut
|0 s
|
| 856 |
4 |
1 |
|u http://www.digitalniknihovna.cz/mzk/uuid/uuid:20c15640-b0ca-11e2-b6da-005056827e52
|y Digitalizovaný dokument
|x NDK
|
| 910 |
|
|
|a BOA001
|b PK-0086.250
|b 1-0808.191
|
| 920 |
|
|
|a 000252354
|
| 964 |
|
|
|a Děla - dějiny - výklady populární
|
| 990 |
|
|
|a BK
|
| 996 |
6 |
|
|b 2619902606
|c 1-0808.191
|l MZK
|r Sklad / do 1 hodiny
|n 5
|w 000194869
|u 000020
|a 1
|e BOA001
|j MZK50
|s P
|
| 996 |
7 |
|
|b 3119931803
|c PK-0086.250
|l MZK
|r Sklad / do 1 hodiny
|n 1
|w 000194869
|u 000010
|a 1
|e BOA001
|j MZK50
|s A
|